Estadísticas para Capitales más Cercanas al ecuador

Haz click aquí para intentar la prueba.

Estadísticas generales

  • Esta prueba ha sido intentada 656 veces
  • La puntuación promedio es 11 de 20

Estadísticas de respuestas

LatitudeCapital City% Correcto
0°15′SQuito
95%
4°36′NBogotá
92%
4°20′SKinsasa
72%
1°17′SNairobi
68%
4°16′S Brazzaville
62%
3°09′N Kuala Lumpur
60%
1°17′NSingapur
58%
0°19′NKampala
56%
0°23′NLibreville
56%
3°45′NMalabo
54%
3°52′NYaundé
50%
1°57′SKigali
48%
4°11′NMalé
48%
2°02′NMogadiscio
48%
4°22′NBangui
47%
0°20′N Santo Tomé
42%
3°26′SGitega
41%
4°37′SVictoria
40%
1°26′NTarawa Sur
28%
0°33′SYaren
26%

Distribución de puntuación

Porcentaje por número respondido

Porcentaje de gente con cada puntuación

Historial de tus puntuaciones

No has intentado esta prueba.